|
|
|
|
| LEADER |
00000nam0a2200000 4500 |
| 001 |
325462 |
| 005 |
20231102003751.0 |
| 035 |
|
|
|a (RuTPU)RU\TPU\book\351076
|
| 035 |
|
|
|a RU\TPU\book\270780
|
| 090 |
|
|
|a 325462
|
| 100 |
|
|
|a 20161206d1916 km y0rusy50 ca
|
| 101 |
0 |
|
|a rus
|
| 102 |
|
|
|a RU
|
| 105 |
|
|
|a y z 000zy
|
| 200 |
1 |
|
|a Карабугаз и его промышленное значение
|f Н. И. Андрусов, Н. С. Курнаков, А. А. Лебединцев и др.
|
| 210 |
|
|
|a Петроград
|c Типография Императорской Академии наук
|d 1916
|
| 215 |
|
|
|a 69 с.
|
| 225 |
1 |
|
|a Материалы для изучения естественных производительных сил России
|v Вып. 7
|
| 606 |
1 |
|
|a Соляные месторождения
|2 stltpush
|3 (RuTPU)RU\TPU\subj\55533
|9 73550
|
| 610 |
1 |
|
|a Каспий
|
| 610 |
1 |
|
|a глауберова соль
|
| 610 |
1 |
|
|a каспийские отложения
|
| 610 |
1 |
|
|a физико-географические очерки
|
| 610 |
1 |
|
|a промышленное значение
|
| 675 |
|
|
|a 553.63
|v 3
|
| 701 |
|
1 |
|a Андрусов
|b Н. И.
|
| 701 |
|
1 |
|a Курнаков
|b Н. С.
|
| 701 |
|
1 |
|a Лебединцев
|b А. А.
|
| 701 |
|
1 |
|a Подкопаев
|b Н. И.
|
| 701 |
|
1 |
|a Шпиндлер
|b И. Б.
|
| 801 |
|
1 |
|a RU
|b 63413507
|c 20140128
|
| 801 |
|
2 |
|a RU
|b 63413507
|c 20200708
|g RCR
|
| 942 |
|
|
|c BK
|